Statistics for The I Love Lucy Quiz

Click here to take the quiz!

General Stats

  • This quiz has been taken 410 times
  • The average score is 7 of 11

Answer Stats

HintAnswer% Correct
Who is Lucy's husband?Ricky Ricardo
94%
What ethnicity is Lucy's husband?Cuban
92%
What is the name of their son?Little Ricky
84%
What is Lucy's real name?Lucille Ball
81%
Who is the crazy redhead in the show?Lucy Ricardo
74%
What is Lucy's husband's real name?Desi Arnaz
72%
What are the names of the neighbors/best friends?Fred and Ethel Mertz
62%
What are the real names of the neighbors/best friends?Vivian Vance and William Frawley
32%
Where is Lucy's husband from?Havana, Cuba
30%
What is the name of Lucy's daughter?Lucie Arnaz
28%
What is the last name of the star couple?The Ricardo's
6%

Score Distribution

Percentile by Number Answered

Percent of People with Each Score

Your Score History

You have not taken this quiz